Mario Kart Tracks - Statistics

General Stats
  • This quiz has been taken 32 times
    14 since last reset
  • The average score is 57 of 158
Answer Stats
Cup Game Answer % Correct
3DS Mario Circuit 3DS
86%
DS Mario Circuit DS
86%
GBA Mario Circuit GBA
86%
GCN Mario Circuit GCN
86%
MK8 Mario Circuit MK8
86%
Wii Mario Circuit Wii
86%
GCN Baby Park
71%
SNES Donut Plains 2
71%
SNES Ghost Valley 1
71%
SNES Rainbow Road
71%
3DS Rainbow Road 3DS
71%
N64 Rainbow Road 64
71%
DS Rainbow Road DS
71%
GBA Rainbow Road GBA
71%
GCN Rainbow Road GCN
71%
MK8 Rainbow Road MK8
71%
Wii Rainbow Road Wii
71%
3DS Bowser's Castle 3DS
57%
N64 Bowser's Castle 64
57%
DS Bowser's Castle DS
57%
GCN Bowser's Castle GCN
57%
MK8 Bowser's Castle MK8
57%
Wii Bowser's Castle Wii
57%
Wii Coconut Mall
57%
GCN DK Mountain
57%
Wii DK Summit
57%
SNES Donut Plains 1
57%
N64 Luigi Raceway
57%
N64 Moo Moo Farm
57%
Wii Mushroom Gorge
57%
DS Tick-Tock Clock
57%
GCN Yoshi Circuit
57%
MK8 Big Blue
43%
GBA Boo Lake
43%
SNES Bowser Castle 1
43%
GBA Broken Pier
43%
DS Desert Hills
43%
3DS DK Jungle
43%
Special Cup SNES Donut Plains 3
43%
Wii Dry Dry Ruins
43%
MK8 Electrodome
43%
SNES Ghost Valley 2
43%
SNES Ghost Valley 3
43%
Wii Grumble Volcano
43%
N64 Kalimari Desert
43%
N64 Koopa Troopa Beach
43%
DS Luigi's Mansion
43%
Mushroom Cup SNES Mario Circuit 1
43%
SNES Mario Circuit 2
43%
SNES Mario Circuit 4
43%
MK8 Mario Kart Stadium
43%
Wii Moo Moo Meadows
43%
3DS Neo Bowser City
43%
GCN Peach Beach
43%
MK8 Thwomp Ruins
43%
3DS Toad Circuit
43%
Wii Toad's Factory
43%
N64 Toad's Turnpike
43%
SNES Vanilla Lake
43%
SNES Vanilla Lake 1
43%
DS Waluigi Pinball
43%
GCN Waluigi Stadium
43%
DS | N64 Wario Stadium
43%
DS Airship Fortress
29%
MK8 Animal Crossing
29%
N64 Banshee Boardwalk
29%
GBA Bowser Castle 4
29%
SNES Bowsers Castle 2
29%
GBA Bowsers Castle 3 GBA
29%
GBA Cheep Cheep Island
29%
3DS Cheep Cheep Lagoon
29%
GBA Cheese Land
29%
Flower Cup SNES Choco Island 1
29%
N64 Choco Mountain
29%
Wii Daisy Circuit
29%
GCN Daisy Cruiser
29%
DS Delfino Square
29%
GCN Dino Dino Jungle
29%
DS DK Pass
29%
N64 DK's Jungle Parkway
29%
MK8 Dolphin Shoals
29%
GCN Dry Dry Desert
29%
Egg Cup MK8 Excitebike Arena
29%
DS Figure-8 Circuit
29%
N64 Frappe Snowland
29%
Star SNES Koopa Beach 1
29%
Wii Koopa Cape
29%
GBA Lakeside Park
29%
Rock Cup MK8 London Loop
29%
Lightning GBA Luigi Circuit GBA
29%
GCN Luigi Circuit GCN
29%
Wii Luigi Circuit Wii
29%
Wii Maple Treeway
29%
SNES Mario Circuit 3
29%
Wii Moonview Highway
29%
MK8 Mount Wario
29%
GCN Mushroom Bridge
29%
GCN Mushroom City
29%
MK8 Mute City
29%
Turnip Cup MK8 New York Minute
29%
Golden Dash Cup MK8 Paris Promenade
29%
GBA Peach Circuit
29%
DS Peach Gardens
29%
3DS Piranha Plant Slide
29%
GBA Ribbon Road
29%
GBA Riverside Park
29%
3DS Rock Rock Mountain
29%
3DS Rosalina's Ice World
29%
N64 Royal Raceway
29%
GBA Shy Guy Beach
29%
GBA Sky Garden
29%
GBA Snow Land
29%
GBA Sunset Wilds
29%
MK8 Sweet Sweet Canyon
29%
GCN Wario Colosseum
29%
Wii Wario's Gold Mine
29%
MK8 Water Park
29%
GBA Yoshi Desert
29%
DS Yoshi Falls
29%
MK8 Yoshi's Island
29%
N64 Yoshi Valley
29%
Fruit Cup MK8 Amsterdam Drift
14%
Boomerang Cup MK8 Bangkok Rush
14%
MK8 Berlin Byways
14%
MK8 Bone-Dry Dunes
14%
GBA Bowser Castle 2 GBA
14%
SNES Bowser Castle 3
14%
GBA Bowsers Castle 1 GBA
14%
DS Cheep Cheep Beach
14%
SNES Choco Island 2
14%
MK8 Cloudtop Cruise
14%
3DS Daisy Hills
14%
MK8 Dragon Driftway
14%
MK8 Hyrule Circuit
14%
Triforce Cup MK8 Ice Ice Outpost
14%
SNES Koopa Beach 2
14%
3DS Maka Wuhu
14%
N64 Mario Raceway
14%
Moon Cup MK8 Merry Mountain
14%
3DS Music Park
14%
MK8 Ninja Hideaway
14%
GCN | N64 Sherbet Land
14%
DS Shroom Ridge
14%
3DS Shy Guy Bazaar
14%
MK8 Shy Guy Falls
14%
MK8 Singapore Speedway
14%
MK8 Sky High Sundae
14%
MK8 Sunshine Airport
14%
Bell Cup MK8 Super Bell Subway
14%
Propeller Cup MK8 Sydney Sprint
14%
MK8 Toad Harbor
14%
Lucky Cat Cup MK8 Tokyo Blur
14%
MK8 Twisted Mansion
14%
3DS Wario Shipyard
14%
Crossing Cup MK8 Wild Woods
14%
3DS Wuhu Loop
14%
No matching quizzes found
Score Distribution
Percent of People with Each Score
Percentile by Number Answered
Your Score History
You have not taken this quiz since the last reset